|
|
|
|
| LEADER |
00000nab a2200000uu 4500 |
| 001 |
vtls011461870 |
| 003 |
SK-MaSNL |
| 005 |
20260304030239.0 |
| 008 |
250310|2013 xo |||||||||||||||||slo| |
| 015 |
|
|
|a SNBRB
|
| 035 |
|
|
|a (urnnbn)urn:nbn:sk:snk:ar-a0akai
|
| 035 |
|
|
|a (uuid)2e37fb72-bc68-4714-a2cc-583ffbb44849
|
| 035 |
|
|
|a urn:nbn:sk:snk-abcvg5
|
| 040 |
|
|
|a SNKBUCL
|b slo
|c SNKBUCL
|e AACR2
|
| 041 |
0 |
|
|a slo
|
| 044 |
|
|
|a xo
|c SK
|
| 100 |
1 |
|
|a Felix, Jozef,
|d 1913-1977
|4 aut
|9 92715
|
| 245 |
1 |
0 |
|a ARCHÍV
|c Jozef Felix
|
| 773 |
0 |
|
|t Fragment : revue pre literatúru, výtvarné umenie, históriu a kritiku
|g Roč. 27, č. 4 (2013), s. [193]-206
|
| 958 |
|
|
|a OND
|
| 958 |
|
|
|a article16
|
| 999 |
|
|
|c 2632933
|d 2634863
|